| 000 | 01089nam a22002897a 4500 | ||
|---|---|---|---|
| 999 |
_c128 _d128 |
||
| 001 | 004188 | ||
| 003 | CoMeUDC004188 | ||
| 005 | 20181026192632.0 | ||
| 008 | 921121s1992 ck r 00010 spa d | ||
| 015 | _ack-1992-xxxx | ||
| 040 |
_aCoMeUDC _cCoMeUDC |
||
| 041 | 0 | _aspa | |
| 043 | _as-ck--- | ||
| 082 | 0 | 4 |
_a986.21 _bF85j _219 ed. |
| 110 |
_aFundación Antioqueña para los Estudios Sociales _c(Medellin) _980 |
||
| 245 | 1 | 0 |
_aJorge Restrepo Uribe : _bsu influencia en el desarrollo de Medellín / _cinvestigación Fundación Antioqueña para los Estudios Sociales ; corrección y recopilación Luz Posada de Greiff. |
| 260 |
_aMedellín : _bEl Concejo, _c1992. |
||
| 300 |
_a213 p. ; _c23 cm. |
||
| 600 | 1 | 6 |
_aRestrepo Uribe, Jorge, _d1905-1990. |
| 650 | 6 |
_aDesarrollo urbano _x Historia _z Medellín (Colombia) |
|
| 650 |
_aHistoria del urbanismo _z Medellín (Colombia) |
||
| 651 | 0 |
_aMedellín (Colombia) _x Aspectos sociales. _981 |
|
| 651 | 0 |
_aMedellín (Colombia) _x Historia. _981 |
|
| 700 | 1 |
_aPosada de Greiff, Luz, _ecomp. |
|
| 942 |
_2ddc _cBK |
||
| 949 |
_ac _bc |
||